00621nam a22002057a 450000500170000001000130001702000210003003500130005103700160006404000120008008200170009210000260010924500880013526000340022327000460025730000220030350000490032565000190037465000220039320170124105919.0 aA-943629 a818692101c00.00 aA-943629 bCen Lib/Ret aDPLbEN a307.772bDAS aDash, Gaganendra Nath aHindus and tribals :bSocial dynamics in medieval Orissa /cby Gaganendra Nath Dash aNew DelhibDecent Booksc1998 aD-36/A-1, Mohan GardenbNew Delhie110059 axiv,140p. :c21cm aIncludes bibliography reference and appendix aReligion Hindu aCast system-India